000
00479nam a2200169Ia 4500
008
090711s9999 xx 000 0 und d
082
_b
70080
100
_a
पठाण यू.म.
245
_a
जितराब
260
_b
अनुपम प्रकाशन केंद्र
_c
1992
300
_a
79
600
_a
पठाण यू.म.
630
_a
जितराब
700
_a
पठाण यू.म.
730
_a
जितराब
942
_c
BOOK
999
_c
330945
_d
330945